Gato escaldado tem nove vidas / (Record no. 27)

MARC details
000 -LÍDER
campo de controle de tamanho fixo 02265nam a2200313 4500
001 - NÚMERO DE CONTROLE
campo de controle 27
003 - IDENTIFICADOR DO NÚMERO DE CONTROLE
campo de controle OSt
005 - DATA E HORÁRIO DA ÚLTIMA TRANSAÇÃO
campo de controle 20250206134107.0
008 - CAMPO DE DADOS FIXOS--INFORMAÇÃO GERAL
campo de controle de tamanho fixo 250121b |||||||g |||| 00| j eng d
020 ## - ISBN - INTERNATIONAL STANDARD BOOK NUMBER
ISBN - International Standard Book Number 9788528613445
040 ## - FONTE DA CATALOGAÇÃO
Idioma da catalogação por
041 ## - CÓDIGO DE IDIOMA
Código do idioma do original e/ou traduções intermediárias do texto eng
Código do idioma do texto/trilha sonora ou título diferente por
082 ## - CDD - CLASSIFICAÇÃO DECIMAL DE DEWEY
Número de Classificação 823
Número do exemplar A671g
100 1# - ENTRADA PRINCIPAL--NOME PESSOAL
Nome pessoal Archer, Jeffrey,
Datas associadas ao nome 1940-
9 (RLIN) 66
240 ## - TÍTULO UNIFORME
Título uniforme Cat o´nine tales
245 ## - TÍTULO
Título Gato escaldado tem nove vidas /
Indicação de responsabilidade, etc. Archer, Jeffrey ; Tradução de Renato Motta e Ilustração de Ronald Searle
260 ## - PUBLICAÇÃO, DISTRIBUIÇÃO, ETC.
Local de publicação, distribuição, etc. Rio de Janeiro
Nome do editor, distribuidor, etc. Bertrand Brasil
Data da publicação, distribuição, etc. 2008
300 ## - DESCRIÇÃO FÍSICA
Extensão 266 p.
Outros detalhes físicos il.
520 ## - NOTA DE RESUMO, ETC.
Resumo, etc. Jeffrey Archer. autor de dezenas de best sellers internacionais e classificado pela revista Time como "o mestre do entretenimento". passou dois anos em presídios de Sua Majestade. sob acusações de perjúrio e obstrução da justiça durante uma investigação do governo britânico. A temporada - certamente dura para Jeffrey. que agora pode se considerar um "gato escaldado" - revela-se muito proveitosa ao leitor: Gato escaldado tem nove vidas. seu sexto livro de contos. traz diversas narrativas baseadas em histórias que viveu ou ouviu na cadeia. transformadas em material literário por um dos maiores contadores de histórias da atualidade. São 12 contos. nove deles calcados nessas experiências. Entre eles. "O homem que roubou a própria agência dos correios". com título auto-explicativo. e "Não beba água". sobre um homem que tentou envenenar a esposa. trazem finais surpreendentes; "Mestre" mostra como um restaurateur explicou ao Fisco como consegue manter um iate. uma Ferrari e uma casa em Florença com uma renda declarada de 100 mil libras por ano; "O rei vermelho" é sobre um charlatão que entra na vida de um lorde inglês em busca de uma peça que fará seu tabuleiro de xadrez valer uma fortuna; e "Aos olhos de quem vê". o preferido de Archer. no qual um bonito e famoso jogador de futebol do Roma se apaixona por uma mulher espantosamente rica.
650 #0 - ASSUNTO--TERMO TÓPICO
Cabeçalho tópico ou nome geográfico Literatura Inglesa
9 (RLIN) 89
650 #0 - ASSUNTO--TERMO TÓPICO
Cabeçalho tópico ou nome geográfico Humor
9 (RLIN) 60
650 #0 - ASSUNTO--TERMO TÓPICO
Cabeçalho tópico ou nome geográfico Historias curtas
9 (RLIN) 67
650 #0 - ASSUNTO--TERMO TÓPICO
Cabeçalho tópico ou nome geográfico Mistério
9 (RLIN) 42
650 #0 - ASSUNTO--TERMO TÓPICO
Cabeçalho tópico ou nome geográfico Crime e Investigação
9 (RLIN) 13
655 #0 - TERMO DE ÍNDICE--GÊNERO E FORMA
Gênero/forma/ou termo foco Conto
700 ## - ENTRADA ADICIONADA - NOME PESSOAL
Nome pessoal Renato Motta
Função do autor por extenso Tradutor
9 (RLIN) 69
700 ## - ENTRADA ADICIONADA - NOME PESSOAL
Nome pessoal Ronald Searle
Função do autor por extenso Ilustrador
9 (RLIN) 70
942 ## - ELEMENTOS DE ENTRADA ADICIONADOS (KOHA)
Fonte de classificação ou esquema de arquivamento Classificação decimal de Dewey
Ocultar no OPAC Não
Tipo de material Koha Livros
Holdings
Situação do descarte Situação das perdas Fonte de classificação ou esquema de arquivamento Status danificado Não pode ser emprestado Coleção Biblioteca de origem Biblioteca atual Localização na estante Data de aquisição Fonte de aquisição Total de empréstimos Número de chamada completo Código de barras Data de último acesso Data do preço efetivo Tipo de material Koha
    Classificação decimal de Dewey     Ficção Biblioteca Professor Eduardo Afonso de Castro Biblioteca Professor Eduardo Afonso de Castro Literatura Estrangeira 08.01.2014 doação   823 / A671g 2025-4525 20.01.2025 20.01.2025 Livros

Powered by Koha